Recurrent magnetic storms : (Record no. 355632)

000 -LEADER
fixed length control field 01425cam a2200373 a 4500
001 - CONTROL NUMBER
control field 14537875
003 - CONTROL NUMBER IDENTIFIER
control field Nust- CAS-E
005 - DATE AND TIME OF LATEST TRANSACTION
control field 20180118181407.0
008 - FIXED-LENGTH DATA ELEMENTS--GENERAL INFORMATION
fixed length control field 060907s2006 dcua b 000 0 eng
010 ## - LIBRARY OF CONGRESS CONTROL NUMBER
LC control number 2006029672
020 ## - INTERNATIONAL STANDARD BOOK NUMBER
International Standard Book Number 0875904327
020 ## - INTERNATIONAL STANDARD BOOK NUMBER
International Standard Book Number 9780875904320
035 ## - SYSTEM CONTROL NUMBER
System control number (OCoLC)ocm71312834
040 ## - CATALOGING SOURCE
Original cataloging agency DLC
Transcribing agency DLC
Modifying agency BAKER
-- C#P
-- YDXCP
-- DLC
050 00 - LIBRARY OF CONGRESS CALL NUMBER
Classification number QC835
Item number .R37 2006
082 00 - DEWEY DECIMAL CLASSIFICATION NUMBER
Classification number 538
Edition number 22
Author Mark REC 2006
245 00 - TITLE STATEMENT
Title Recurrent magnetic storms :
Remainder of title corotating solar wind streams /
Statement of responsibility, etc. Bruce Tsurutani ... [et al.] editors.
260 ## - PUBLICATION, DISTRIBUTION, ETC.
Place of publication, distribution, etc. Washington, DC :
Name of publisher, distributor, etc. American Geophysical Union,
Date of publication, distribution, etc. c2006.
300 ## - PHYSICAL DESCRIPTION
Extent ix, 340 p. :
Other physical details ill. (some col.) ;
Dimensions 28 cm.
490 1# - SERIES STATEMENT
Series statement Geophysical monograph series,
International Standard Serial Number 0065-8448 ;
Volume/sequential designation 167
502 ## - DISSERTATION NOTE
Dissertation note 0
504 ## - BIBLIOGRAPHY, ETC. NOTE
Bibliography, etc. note Includes bibliographical references.
650 #0 - SUBJECT ADDED ENTRY--TOPICAL TERM
Topical term or geographic name entry element Magnetic storms.
650 #0 - SUBJECT ADDED ENTRY--TOPICAL TERM
Topical term or geographic name entry element Corotating interaction regions.
650 #0 - SUBJECT ADDED ENTRY--TOPICAL TERM
Topical term or geographic name entry element Magnetosphere.
650 #0 - SUBJECT ADDED ENTRY--TOPICAL TERM
Topical term or geographic name entry element Atmosphere, Upper.
700 1# - ADDED ENTRY--PERSONAL NAME
Personal name Tsurutani, Bruce T.
830 #0 - SERIES ADDED ENTRY--UNIFORM TITLE
Uniform title Geophysical monograph ;
Volume/sequential designation 167.
856 41 - ELECTRONIC LOCATION AND ACCESS
Materials specified Table of contents only
Uniform Resource Identifier <a href="http://www.loc.gov/catdir/toc/ecip0620/2006029672.html">http://www.loc.gov/catdir/toc/ecip0620/2006029672.html</a>
856 42 - ELECTRONIC LOCATION AND ACCESS
Materials specified Publisher description
Uniform Resource Identifier <a href="http://www.loc.gov/catdir/enhancements/fy1309/2006029672-d.html">http://www.loc.gov/catdir/enhancements/fy1309/2006029672-d.html</a>
906 ## - LOCAL DATA ELEMENT F, LDF (RLIN)
a 7
b cbc
c orignew
d 1
e ecip
f 20
g y-gencatlg
942 ## - ADDED ENTRY ELEMENTS (KOHA)
Source of classification or shelving scheme
Koha item type Book
Holdings
Withdrawn status Lost status Source of classification or shelving scheme Damaged status Not for loan Collection code Permanent Location Current Location Shelving location Date acquired Source of acquisition Cost, normal purchase price Total Checkouts Full call number Barcode Date last seen Price effective from Koha item type
            US-Pakistan Center for Advanced Studies in Energy (USPCAS-E) US-Pakistan Center for Advanced Studies in Energy (USPCAS-E)   11/12/2015 Multiline Books 6725.00   538 REC 2006 CAS-E0000648 11/12/2015 11/12/2015 Book
© 2023 Central Library, National University of Sciences and Technology. All Rights Reserved.